Hearing on the Nomination of Victor M. Rivera, of Virginia, To Be Assistant Administrator of the Agency for International Development.

Hearing to consider the nomination of Victor M. Rivera to be Assistant Administrator, Bureau for Latin America and the Caribbean, AID.

Bibliographic Details
Format: eBook
Language:English
Published: [Washington : U.S. G.P.O.], 1984.
Subjects:
Online Access:Electronic resource (PDF)

MARC

Tag First Indicator Second Indicator Subfields
LEADER 00000cam a22000001i 4500
001 in00004132849
005 20200117091101.0
006 m d f
007 cr bn mmmapmmp
008 091109s1984 dcu o f000 0 eng d
035 |a cis2007529827 
040 |a UMI  |b eng  |e rda  |c UMI  |d UtOrBLW 
043 |a cl----- 
110 1 |a United States.  |b Congress.  |b Senate.  |b Committee on Foreign Relations,  |e issuing body.  |0 http://id.loc.gov/authorities/names/n78008230 
245 1 0 |a Hearing on the Nomination of Victor M. Rivera, of Virginia, To Be Assistant Administrator of the Agency for International Development. 
264 1 |a [Washington :  |b U.S. G.P.O.],  |c 1984. 
300 |a 16 pages, digital, PDF file. 
336 |a text  |2 rdacontent  |b txt 
337 |a computer  |b c  |2 rdamedia 
338 |a online resource  |2 rdacarrier  |b cr 
500 |a Record is based on bibliographic data in ProQuest Congressional Hearings Digital Collection (last viewed July 2018) Reuse except for individual research requires license from ProQuest, LLC. 
520 |a Hearing to consider the nomination of Victor M. Rivera to be Assistant Administrator, Bureau for Latin America and the Caribbean, AID. 
538 |a System requirements: PDF reader software. 
500 |a Electronic resource. 
610 1 0 |a United States.  |b Agency for International Development.  |0 http://id.loc.gov/authorities/names/n82167227 
650 0 |a Nominations for office.  |0 http://id.loc.gov/authorities/subjects/sh85092211 
651 0 |a Latin America.  |0 http://id.loc.gov/authorities/subjects/sh85074879 
730 0 |a ProQuest U.S. Congressional Hearings Digital Collection. 
776 0 8 |a United States. Congress. Senate. Committee on Foreign Relations  |t Hearing on the Nomination of Victor M. Rivera, of Virginia, To Be Assistant Administrator of the Agency for International Development.  |o 98 SFo-T.156 
856 4 0 |u http://proxy.library.tamu.edu/login?url=http://congressional.proquest.com/congcomp/getdoc?HEARING-ID=HRG-1984-FOR-0085  |y Electronic resource (PDF)  |t 0 
999 f f |s df332f93-81b0-3ebc-b1e8-7dbf3487cd4f  |i bd20ab23-bfc5-3563-a593-be0d0fc06b94  |t 0 
952 f f |a Texas A&M University  |b College Station  |c Electronic Resources  |d Available Online  |t 0  |h No information provided 
998 f f |t 0  |l Available Online